[Event "2023 Wolfgang Leonhardt Cup"]
[Site "Woodvale, Perth WA AUS"]
[Date "2023.08.09"]
[Round "1"]
[White "Clarke, Daniel"]
[Black "Kerr, Lennon"]
[Result "1-0"]
[WhiteElo "1902"]
[BlackElo "1576"]
[PlyCount "53"]
[EventDate "2023.08.09"]
[EventType "swiss"]
[EventRounds "7"]
[EventCountry "AUS"]
[TimeControl "3600+30"]

1. e4 e6 2. d4 d5 3. e5 c5 4. c3 Nc6 5. Nf3 Qb6 6. a3 c4 7. Nbd2 Na5 8. b4 cxb3
9. Rb1 Bd7 10. Nxb3 Ba4 11. Nxa5 Bxd1 12. Rxb6 axb6 13. Bb5+ Kd8 14. Nxb7+ Kc7
15. Kxd1 Kxb7 16. a4 f6 17. Re1 f5 18. Ng5 h6 19. Nxe6 g5 20. Nxf8 Rxf8 21. Ba3
Rc8 22. Kd2 Rh7 23. Bd6 h5 24. Bd3 Ra8 25. Bxf5 Rf7 26. Be6 Rxf2+ 27. Ke3 1-0

[Event "2023 Wolfgang Leonhardt Cup"]
[Site "Woodvale, Perth WA AUS"]
[Date "2023.08.09"]
[Round "1"]
[White "Akers, Gerard"]
[Black "Janceski, Alex"]
[Result "1/2-1/2"]
[WhiteElo "1562"]
[BlackElo "1879"]
[PlyCount "126"]
[EventDate "2023.08.09"]
[EventType "swiss"]
[EventRounds "7"]
[EventCountry "AUS"]
[TimeControl "3600+30"]

1. e4 c5 2. Nf3 d6 3. d4 cxd4 4. Nxd4 Nf6 5. Nc3 a6 6. Bg5 e6 7. f3 Be7 8. Qd2
b5 9. a3 Bb7 10. O-O-O Nbd7 11. g4 Rc8 12. h4 h6 13. Be3 Ng8 14. Be2 Ne5 15. g5
Nc4 16. Bxc4 Rxc4 17. g6 Qc8 18. gxf7+ Kxf7 19. Rdg1 Bf6 20. Ndxb5 axb5 21.
Nxb5 Be7 22. Qg2 g5 23. hxg5 h5 24. g6+ Kg7 25. Nd4 Bf6 26. Rd1 Ne7 27. Nb5 d5
28. Nd6 Qc6 29. Nxc4 Qxc4 30. Bg5 Ng8 31. Bxf6+ Nxf6 32. Qg1 dxe4 33. Qa7 Qc6
34. fxe4 Rc8 35. Qf2 Qxe4 36. Rxh5 Kxg6 37. Rh4 Qf5 38. Rg1+ Kf7 39. Rf4 Rxc2+
40. Qxc2 Qxf4+ 41. Qd2 Qc4+ 42. Kb1 Bd5 43. b4 Qb3+ 44. Qb2 Ke7 45. Qxb3 Bxb3
46. Rg3 Ba4 47. Rc3 Nd5 48. Rc5 Kd6 49. Ra5 e5 50. Ra6+ Kc7 51. Re6 e4 52. Kc1
e3 53. Ra6 Bb5 54. Ra5 Kc6 55. a4 Bd3 56. b5+ Kb6 57. Ra6+ Kc5 58. Rc6+ Kb4 59.
Rd6 Bc4 60. b6 Nxb6 61. Rxb6+ Kxa4 62. Kd1 e2+ 63. Ke1 Bb5 1/2-1/2

[Event "2023 Wolfgang Leonhardt Cup"]
[Site "Woodvale, Perth WA AUS"]
[Date "2023.08.09"]
[Round "1"]
[White "Doshi, Chirag"]
[Black "Kerr, Carter"]
[Result "1-0"]
[WhiteElo "1870"]
[BlackElo "1485"]
[PlyCount "93"]
[EventDate "2023.08.09"]
[EventType "swiss"]
[EventRounds "7"]
[EventCountry "AUS"]
[TimeControl "3600+30"]

1. e4 e5 2. f4 d5 3. exd5 exf4 4. Nf3 Qxd5 5. Nc3 Qe6+ 6. Be2 Nf6 7. d4 Bb4 8.
O-O O-O 9. Bxf4 Bxc3 10. bxc3 Nd5 11. Bd2 Ne3 12. Bxe3 Qxe3+ 13. Kh1 Qxc3 14.
Bd3 Bg4 15. h3 Bh5 16. Rb1 Nd7 17. Rb3 Qc6 18. Bxh7+ Kxh7 19. Ng5+ Kg6 20. Qd3+
Kxg5 21. Rf5+ Kh6 22. Qd2+ Kg6 23. Qg5+ Kh7 24. Qxh5+ Qh6 25. Qf3 g6 26. Rf4
Nb6 27. Qf2 Kg7 28. Rbf3 f5 29. Qg3 Nd5 30. Rh4 Qc1+ 31. Kh2 f4 32. Qg5 Rf5 33.
Qh6+ Kf6 34. Rg4 Rg8 35. Qh7 Rg7 36. Qh8 Qxc2 37. Qf8+ Rf7 38. Qh8+ Ke7 39.
Rxg6 R5f6 40. Rg8 Qh7 41. Re8+ Kd7 42. Rd8+ Kc6 43. Qe8+ Rd7 44. Rf1 Qe7 45.
Rc1+ Kd6 46. Rxd7+ Qxd7 47. Qe5# 1-0

[Event "2023 Wolfgang Leonhardt Cup"]
[Site "Woodvale, Perth WA AUS"]
[Date "2023.08.09"]
[Round "1"]
[White "Berry, Alistair"]
[Black "Curthoys, Edward"]
[Result "1/2-1/2"]
[WhiteElo "1383"]
[BlackElo "1848"]
[PlyCount "37"]
[EventDate "2023.08.09"]
[EventType "swiss"]
[EventRounds "7"]
[EventCountry "AUS"]
[TimeControl "3600+30"]

1. e4 c6 2. d4 d5 3. exd5 cxd5 4. c4 Nc6 5. Nf3 Nf6 6. h3 e6 7. Nc3 h6 8. a3
dxc4 9. Bxc4 Bd6 10. O-O O-O 11. Be3 b6 12. Re1 Ne7 13. Qe2 Bb7 14. Rad1 Ned5
15. Nxd5 Nxd5 16. Bd3 Nf4 17. Bxf4 Bxf4 18. Be4 Bd5 19. Ne5 1/2-1/2

[Event "2023 John Brooke Cup"]
[Site "Woodvale, Perth WA AUS"]
[Date "2023.08.09"]
[Round "1"]
[White "Michael, Ashley"]
[Black "Lanham, Bruce"]
[Result "1-0"]
[WhiteElo "1588"]
[BlackElo "1206"]
[PlyCount "41"]
[EventDate "2023.08.09"]
[EventType "swiss"]
[EventRounds "7"]
[EventCountry "AUS"]
[TimeControl "3600+30"]

1. e4 d5 2. exd5 Qxd5 3. Nc3 Qa5 4. d4 Nf6 5. Bd2 Bg4 6. f3 Bd7 7. Bc4 Qb6 8.
Nge2 e6 9. a3 c5 10. d5 exd5 11. Nxd5 Qd8 12. Nec3 Nc6 13. Bf4 Nxd5 14. Nxd5
Qh4+ 15. g3 Qh5 16. Qe2+ Be6 17. Nc7+ Kd7 18. Bxe6+ Kd8 19. O-O-O+ Nd4 20. Bg4
Qg6 21. Qe8# 1-0

[Event "2023 John Brooke Cup"]
[Site "Woodvale, Perth WA AUS"]
[Date "2023.08.09"]
[Round "1"]
[White "Bordas, Lindsay"]
[Black "Leech, Martin"]
[Result "0-1"]
[WhiteElo "1122"]
[BlackElo "1522"]
[PlyCount "70"]
[EventDate "2023.08.09"]
[EventType "swiss"]
[EventRounds "7"]
[EventCountry "AUS"]
[TimeControl "3600+30"]

1. e4 e6 2. Nf3 d5 3. exd5 exd5 4. d4 Nf6 5. Bg5 h6 6. Bxf6 Qxf6 7. c4 Be6 8.
Qb3 b6 9. cxd5 Bf5 10. Bb5+ Nd7 11. Ne5 Rd8 12. Qa4 Bd6 13. Bxd7+ Bxd7 14. Nxd7
Rxd7 15. O-O Qd8 16. Re1+ Be7 17. Nc3 O-O 18. Re5 Bd6 19. Rh5 Re8 20. g3 a5 21.
Qd1 Qf6 22. Qg4 Rde7 23. Qf5 Qxd4 24. Rh4 Qd2 25. Re4 Qxb2 26. Rae1 Qxc3 27.
R1e3 Qa1+ 28. Re1 Qxa2 29. R1e2 Qa3 30. R2e3 Qc5 31. Rf3 b5 32. Rg4 g6 33. Qh5
Qc1+ 34. Kg2 Rf8 35. Qxh6 Qxh6 0-1

[Event "2023 John Brooke Cup"]
[Site "Woodvale, Perth WA AUS"]
[Date "2023.08.09"]
[Round "1"]
[White "Frankland, David"]
[Black "Massam, Justin"]
[Result "0-1"]
[WhiteElo "1098"]
[BlackElo "1479"]
[PlyCount "106"]
[EventDate "2023.08.09"]
[EventType "swiss"]
[EventRounds "7"]
[EventCountry "AUS"]
[TimeControl "3600+30"]

1. e4 e5 2. h3 Nc6 3. c3 Nf6 4. d3 Bc5 5. b4 Bb6 6. Na3 d5 7. f3 d4 8. Bd2 dxc3
9. Bxc3 Nd4 10. Nc2 O-O 11. Ne2 Nxc2+ 12. Qxc2 Re8 13. f4 exf4 14. Nxf4 Nd7 15.
O-O-O Qg5 16. Bd2 Qf6 17. Nd5 Qa1+ 18. Qb1 Qe5 19. Bf4 Qe6 20. Qc2 c6 21. Nc3
a5 22. b5 Qf6 23. Ne2 cxb5 24. g3 Re6 25. Kd2 Rc6 26. Qb1 b4 27. Bg2 Ne5 28.
Rc1 Be6 29. Rxc6 bxc6 30. Rc1 c5 31. Qa1 Bc7 32. Bxe5 Bxe5 33. Qb1 Rc8 34. Rf1
Qh6+ 35. Kc2 Bxh3 36. Rg1 Bxg2 37. Rxg2 Rd8 38. Kb3 Qe3 39. Kc4 h6 40. Nc1 a4
41. g4 Qd4+ 42. Kb5 Rb8+ 43. Kxa4 Ra8+ 44. Kb3 Ra3+ 45. Kc2 Bf4 46. Nb3 Qc3+
47. Kd1 c4 48. dxc4 Qf3+ 49. Re2 Qxg4 50. Qc2 Ra8 51. Qd3 Bg5 52. Qb1 Rd8+ 53.
Nd2 Rxd2+ 0-1

[Event "2023 John Brooke Cup"]
[Site "Woodvale, Perth WA AUS"]
[Date "2023.08.09"]
[Round "1"]
[White "Howard, Mark"]
[Black "Young, Manfred"]
[Result "1/2-1/2"]
[WhiteElo "1452"]
[BlackElo "1090"]
[PlyCount "60"]
[EventDate "2023.08.09"]
[EventType "swiss"]
[EventRounds "7"]
[EventCountry "AUS"]
[TimeControl "3600+30"]

1. e4 e6 2. Nf3 Nc6 3. d4 d5 4. e5 Be7 5. Bb5 Bd7 6. Bxc6 Bxc6 7. Nc3 a6 8. a3
h6 9. Be3 b5 10. b4 Qd7 11. Qd2 f6 12. O-O O-O-O 13. Rfb1 g5 14. Qd3 f5 15. a4
Kb7 16. axb5 Bxb5 17. Nxb5 Qxb5 18. Qxb5+ axb5 19. c3 c6 20. Ra2 Ra8 21. Rxa8
Kxa8 22. Bc1 Bd8 23. Nd2 Ne7 24. Nb3 Re8 25. Nc5 Ng6 26. Ra1+ Kb8 27. g3 Bb6
28. Nd7+ Kc7 29. Nf6 Rf8 30. Kg2 Kb7 1/2-1/2

[Event "2023 John Brooke Cup"]
[Site "Woodvale, Perth WA AUS"]
[Date "2023.08.09"]
[Round "1"]
[White "Jahn, Harold"]
[Black "Brooke, John"]
[Result "0-1"]
[WhiteElo "1081"]
[BlackElo "1435"]
[PlyCount "86"]
[EventDate "2023.08.09"]
[EventType "swiss"]
[EventRounds "7"]
[EventCountry "AUS"]
[TimeControl "3600+30"]

1. d4 d5 2. f3 Nf6 3. e3 Bf5 4. Bd3 Bxd3 5. Qxd3 e6 6. Ne2 Nc6 7. a3 Be7 8.
Nbc3 a6 9. O-O Na5 10. Bd2 Nc4 11. Na4 b5 12. Nc5 Nxb2 13. Qc3 Na4 14. Nxa4
bxa4 15. Qa5 O-O 16. Nf4 Qd7 17. Nd3 Bd6 18. Bb4 Ne8 19. Bxd6 Nxd6 20. Nc5 Qc6
21. h4 Nf5 22. Qe1 Rfd8 23. g4 Nd6 24. h5 Nc4 25. Ra2 f6 26. h6 g6 27. f4 Re8
28. e4 Rab8 29. e5 f5 30. gxf5 exf5 31. Rf3 Kf7 32. e6+ Ke7 33. Re3 Nxe3 34.
Qxe3 Rb1+ 35. Kg2 Qb5 36. Qe5 Qf1+ 37. Kg3 Qg1+ 38. Kf3 Rf1+ 39. Ke2 Re1+ 40.
Kd2 Rxe5 41. dxe5 Qxc5 42. c4 Qxc4 43. Ke3 Qxa2 0-1

[Event "2023 John Brooke Cup"]
[Site "Woodvale, Perth WA AUS"]
[Date "2023.08.09"]
[Round "1"]
[White "Porteus, Grant"]
[Black "Gough, Sebastian"]
[Result "0-1"]
[WhiteElo "1381"]
[BlackElo "1072"]
[PlyCount "70"]
[EventDate "2023.08.09"]
[EventType "swiss"]
[EventRounds "7"]
[EventCountry "AUS"]
[TimeControl "3600+30"]

1. d4 d5 2. Bf4 Bf5 3. c3 Nd7 4. Nd2 Be6 5. e4 dxe4 6. Nxe4 Ndf6 7. Bd3 g6 8.
Nc5 Bd5 9. Nf3 b6 10. Na6 Rc8 11. Nb4 e6 12. Qa4+ Qd7 13. Bb5 c6 14. Ba6 Rd8
15. Ne5 b5 16. Qa5 Bxb4 17. Qxb4 Qe7 18. Qxe7+ Nxe7 19. Bg5 Ne4 20. Bxe7 Kxe7
21. f3 Nf6 22. Bb7 Rd6 23. b3 Rb8 24. c4 Rxb7 25. cxd5 Rxd5 26. Nxc6+ Kd6 27.
Ne5 Rxd4 28. O-O Kxe5 29. Rae1+ Kd5 30. f4 Rd2 31. Re5+ Kd6 32. Rf3 Rc7 33. h3
Rcc2 34. Rg3 Rxa2 35. Rxb5 Ne4 0-1

[Event "2023 John Brooke Cup"]
[Site "Woodvale, Perth WA AUS"]
[Date "2023.08.09"]
[Round "1"]
[White "Markou, Victor"]
[Black "Hounsome, David"]
[Result "0-1"]
[WhiteElo "1039"]
[BlackElo "1370"]
[PlyCount "80"]
[EventDate "2023.08.09"]
[EventType "swiss"]
[EventRounds "7"]
[EventCountry "AUS"]
[TimeControl "3600+30"]

1. e4 b6 2. Nf3 Bb7 3. d3 e6 4. g3 d5 5. Nbd2 Nd7 6. Bg2 Bd6 7. O-O Ne7 8. Re1
O-O 9. Nf1 f6 10. Ne3 c5 11. c3 Qc7 12. Bh3 e5 13. Be6+ Kh8 14. Nf5 dxe4 15.
dxe4 Nxf5 16. exf5 Rfe8 17. c4 Nf8 18. Bd5 Bxd5 19. cxd5 Rad8 20. Nd2 Qb7 21.
Nc4 Bb8 22. Ne3 Rd7 23. a3 g6 24. Ng4 Rd6 25. Rb1 Rxd5 26. Qe2 Qf7 27. fxg6
Qxg6 28. Be3 Ne6 29. Rbd1 Nd4 30. Bxd4 cxd4 31. Qf3 Rd6 32. Rc1 e4 33. Qd1 f5
34. f4 fxg4 35. Rc4 d3 36. Qd2 Qe6 37. Rcxe4 Qxe4 38. Rxe4 Rxe4 39. Kf2 Re2+
40. Qxe2 dxe2 0-1

[Event "2023 John Brooke Cup"]
[Site "Woodvale, Perth WA AUS"]
[Date "2023.08.09"]
[Round "1"]
[White "Powell, Darren"]
[Black "Owen, Geoffrey"]
[Result "1-0"]
[WhiteElo "1337"]
[BlackElo "1030"]
[PlyCount "71"]
[EventDate "2023.08.09"]
[EventType "swiss"]
[EventRounds "7"]
[EventCountry "AUS"]
[TimeControl "3600+30"]

1. e4 c6 2. Nc3 d6 3. d4 h6 4. Bc4 Nd7 5. Qf3 e6 6. Be3 g5 7. O-O-O b5 8. Bb3
a5 9. a4 b4 10. Nce2 Bg7 11. e5 d5 12. Qh5 Ba6 13. f4 Bxe2 14. Nxe2 Qe7 15. Ng3
O-O-O 16. f5 Qe8 17. f6 Bf8 18. Qe2 Nb8 19. Kb1 Rd7 20. Rc1 Rc7 21. c4 bxc3 22.
Rxc3 Bb4 23. Rc2 Qd7 24. Qg4 Nxf6 25. exf6 Rb7 26. Ka2 Rb6 27. Rf2 Qb7 28. Qd1
Kd7 29. h4 Na6 30. Ne2 Nc7 31. Nc1 Nb5 32. Nd3 Nc3+ 33. bxc3 Bxc3 34. Nc5+ Kc7
35. Nxb7 Rxb7 36. Rc2 1-0

[Event "2023 John Brooke Cup"]
[Site "Woodvale, Perth WA AUS"]
[Date "2023.08.09"]
[Round "1"]
[White "Overste, Brian"]
[Black "Ross, Leo"]
[Result "0-1"]
[WhiteElo "972"]
[BlackElo "1335"]
[PlyCount "60"]
[EventDate "2023.08.09"]
[EventType "swiss"]
[EventRounds "7"]
[EventCountry "AUS"]
[TimeControl "3600+30"]

1. e4 c6 2. Bc4 d5 3. Bd3 dxe4 4. Bxe4 Nf6 5. Qe2 Nxe4 6. Qxe4 Nd7 7. d4 Nf6 8.
Qd3 e5 9. Ne2 Bg4 10. f3 Bh5 11. Nbc3 Bb4 12. Bd2 Bg6 13. Qc4 exd4 14. Nxd4
Qe7+ 15. Nce2 Bxd2+ 16. Kxd2 O-O 17. Rae1 Nd5 18. Nf4 Qg5 19. Nde2 Rad8 20. Kc1
Ne3 21. h4 Qa5 22. Qb3 Qd2+ 23. Kb1 Bxc2+ 24. Qxc2 Qxc2+ 25. Ka1 Rd2 26. Rb1
Rfd8 27. Nc3 Nc4 28. Rhe1 Na3 29. Re3 Nxb1 30. Nxb1 Qxb2# 0-1

[Event "2023 John Brooke Cup"]
[Site "Woodvale, Perth WA AUS"]
[Date "2023.08.09"]
[Round "1"]
[White "Sethuraman, Jaswanth Ram"]
[Black "Curtis, Calan"]
[Result "0-1"]
[WhiteElo "824"]
[BlackElo "1300"]
[PlyCount "64"]
[EventDate "2023.08.09"]
[EventType "swiss"]
[EventRounds "7"]
[EventCountry "AUS"]
[TimeControl "3600+30"]

1. c4 e6 2. g3 d5 3. e3 Nf6 4. d4 Ne4 5. Bg2 c6 6. Nf3 Nd7 7. cxd5 exd5 8. Nbd2
Bb4 9. O-O Bxd2 10. Bxd2 O-O 11. Bb4 Re8 12. Nd2 Ndf6 13. Nxe4 dxe4 14. Qc2 Nd5
15. Bc3 Qe7 16. a3 a5 17. Rfe1 Bf5 18. Qe2 Qd7 19. Qd2 Bg4 20. Bxa5 Bf3 21. Bc3
Re6 22. Bh3 Rae8 23. Bxe6 Qxe6 24. Qe2 Bxe2 25. Rxe2 Qg4 26. Rc2 Re6 27. a4 Rh6
28. Re1 Qh3 29. f4 exf3 30. b4 Nxc3 31. Kh1 Ne2 32. a5 Qg2# 0-1

[Event "2023 Wolfgang Leonhardt Cup"]
[Site "Woodvale, Perth WA AUS"]
[Date "2023.08.23"]
[Round "2"]
[White "Gibson, Jacob"]
[Black "Maggs, Derwent"]
[Result "0-1"]
[WhiteElo "1987"]
[BlackElo "2251"]
[PlyCount "58"]
[EventDate "2023.08.09"]
[EventType "swiss"]
[EventRounds "7"]
[EventCountry "AUS"]
[TimeControl "3600+30"]

1. e4 c5 2. Nf3 d6 3. d4 cxd4 4. Nxd4 Nf6 5. Nc3 a6 6. Be3 e5 7. Nb3 Be6 8. f3
Be7 9. Qd2 O-O 10. O-O-O a5 11. Bb5 Na6 12. g4 Nc7 13. g5 Nxb5 14. Nxb5 a4 15.
gxf6 axb3 16. cxb3 Bxf6 17. Kb1 Ra6 18. Rc1 d5 19. exd5 Bxd5 20. Nc7 Bxf3 21.
Nxa6 Bxh1 22. Qc2 Bf3 23. Nc5 Qd5 24. Ka1 Rc8 25. Qf5 Rd8 26. a3 b6 27. Rg1 Kh8
28. Bg5 Qxc5 29. Rf1 e4 0-1

[Event "2023 Wolfgang Leonhardt Cup"]
[Site "Woodvale, Perth WA AUS"]
[Date "2023.08.23"]
[Round "2"]
[White "Lakner, Jay"]
[Black "Plaganyi, Gyula"]
[Result "0-1"]
[WhiteElo "2144"]
[BlackElo "1972"]
[BlackTitle "CM"]
[PlyCount "74"]
[EventDate "2023.08.09"]
[EventType "swiss"]
[EventRounds "7"]
[EventCountry "AUS"]
[TimeControl "3600+30"]

1. c4 d6 2. Nc3 g6 3. g3 Bg7 4. Bg2 Nc6 5. e4 e5 6. Nge2 h5 7. d4 h4 8. f4 hxg3
9. hxg3 Rxh1+ 10. Bxh1 exd4 11. Nb5 Bg4 12. Qa4 Bxe2 13. Kxe2 a6 14. Na3 Qd7
15. Qb3 O-O-O 16. Bd2 Re8 17. Re1 Qg4+ 18. Kf2 Nge7 19. Bf3 Qd7 20. c5 Qe6 21.
Nc4 dxc5 22. f5 Qd7 23. g4 Ne5 24. Nxe5 Bxe5 25. Rh1 f6 26. Rh7 g5 27. Be2 b5
28. a4 c4 29. Bxc4 bxc4 30. Qxc4 Qc6 31. Qf7 Kd8 32. Bb4 Qc2+ 33. Kf1 Qb1+ 34.
Be1 Bg3 35. Rh1 Qxe1+ 36. Kg2 Qf2+ 37. Kh3 Rh8+ 0-1

[Event "2023 Wolfgang Leonhardt Cup"]
[Site "Woodvale, Perth WA AUS"]
[Date "2023.08.23"]
[Round "2"]
[White "Davoll, Josh"]
[Black "Saxon, Marc"]
[Result "1-0"]
[WhiteElo "1917"]
[BlackElo "2053"]
[PlyCount "93"]
[EventDate "2023.08.09"]
[EventType "swiss"]
[EventRounds "7"]
[EventCountry "AUS"]
[TimeControl "3600+30"]

1. d4 Nf6 2. Nf3 g6 3. Bg5 Bg7 4. Nbd2 d5 5. c3 c5 6. e3 O-O 7. h3 Nbd7 8. Be2
h6 9. Bh4 Re8 10. Bg3 Ne4 11. Nxe4 dxe4 12. Nd2 f5 13. Qb3+ Kh7 14. Rd1 a6 15.
h4 b5 16. Qd5 Nb6 17. Qxd8 Rxd8 18. Bc7 Rd6 19. dxc5 Rxd2 20. Rxd2 Na4 21. Ba5
Be6 22. c6 Rc8 23. c7 Be5 24. Rd8 Nxb2 25. O-O Na4 26. Rxc8 Bxc8 27. Rd1 Bd6
28. c4 Nc5 29. cxb5 axb5 30. Bxb5 Ne6 31. Be2 g5 32. Rb1 Bxc7 33. Bxc7 Nxc7 34.
Rc1 Ba6 35. Bxa6 Nxa6 36. a3 Kg7 37. h5 Kf7 38. Rc6 Nb8 39. Rxh6 g4 40. a4 e6
41. Rh7+ Kf6 42. Rh8 Nc6 43. h6 Kg6 44. h7 Ne5 45. a5 g3 46. fxg3 f4 47. gxf4
1-0

[Event "2023 Wolfgang Leonhardt Cup"]
[Site "Woodvale, Perth WA AUS"]
[Date "2023.08.23"]
[Round "2"]
[White "Maris, Rob"]
[Black "Clarke, Daniel"]
[Result "1/2-1/2"]
[WhiteElo "2044"]
[BlackElo "1902"]
[PlyCount "41"]
[EventDate "2023.08.09"]
[EventType "swiss"]
[EventRounds "7"]
[EventCountry "AUS"]
[TimeControl "3600+30"]

1. c4 Nf6 2. Nc3 e6 3. Nf3 d5 4. e3 c5 5. d4 cxd4 6. exd4 a6 7. a3 dxc4 8. Bxc4
b5 9. Bb3 Be7 10. O-O Bb7 11. Qe2 O-O 12. Rd1 Nd5 13. Ne4 Nd7 14. Bd2 N7f6 15.
Nc5 Qb6 16. Rac1 Rac8 17. Nxb7 Qxb7 18. Ne5 Rxc1 19. Rxc1 Rc8 20. g3 Rxc1+ 21.
Bxc1 1/2-1/2

[Event "2023 Wolfgang Leonhardt Cup"]
[Site "Woodvale, Perth WA AUS"]
[Date "2023.08.23"]
[Round "2"]
[White "Roebuck, Derek"]
[Black "O'Shaughnessy, Dave"]
[Result "1/2-1/2"]
[WhiteElo "1796"]
[BlackElo "1977"]
[PlyCount "48"]
[EventDate "2023.08.09"]
[EventType "swiss"]
[EventRounds "7"]
[EventCountry "AUS"]
[TimeControl "3600+30"]

1. e4 e5 2. Nf3 Nc6 3. Bc4 Nf6 4. d4 exd4 5. O-O Nxe4 6. Re1 d5 7. Bxd5 Qxd5 8.
Nc3 Qd8 9. Rxe4+ Be6 10. Nxd4 Nxd4 11. Qxd4 Qxd4 12. Rxd4 Bc5 13. Rd1 O-O 14.
Bf4 Bb6 15. Nd5 c6 16. Nxb6 axb6 17. a3 b5 18. Bd6 Rfe8 19. Bb4 Bd5 20. f3 f6
21. Re1 Kf7 22. Kf2 Rxe1 23. Rxe1 Re8 24. Rxe8 Kxe8 1/2-1/2

[Event "2023 Wolfgang Leonhardt Cup"]
[Site "Woodvale, Perth WA AUS"]
[Date "2023.08.23"]
[Round "2"]
[White "Curthoys, Edward"]
[Black "Akers, Gerard"]
[Result "1-0"]
[WhiteElo "1848"]
[BlackElo "1562"]
[PlyCount "67"]
[EventDate "2023.08.09"]
[EventType "swiss"]
[EventRounds "7"]
[EventCountry "AUS"]
[TimeControl "3600+30"]

1. e4 c5 2. c3 d5 3. exd5 Qxd5 4. Nf3 Nc6 5. Na3 Bg4 6. Be2 Nf6 7. Nc2 e5 8.
Ne3 Qd7 9. Nxg4 Nxg4 10. d3 h6 11. O-O Be7 12. Re1 Rd8 13. Qa4 O-O 14. h3 Nf6
15. Qc2 Qc7 16. Bd2 Rd7 17. Nh4 Rfd8 18. Rad1 Nh7 19. Nf5 Bf6 20. Be3 Ne7 21.
Bg4 Bg5 22. Ng3 Bxe3 23. Bxd7 Bxf2+ 24. Qxf2 Rxd7 25. Nf5 Nd5 26. Qg3 f6 27.
Nxh6+ Kh8 28. Nf5 Nf4 29. Kh1 g6 30. Nh4 Ng5 31. d4 Qd8 32. Nf3 Nxf3 33. Qxf3
Rh7 34. dxe5 1-0

[Event "2023 Wolfgang Leonhardt Cup"]
[Site "Woodvale, Perth WA AUS"]
[Date "2023.08.23"]
[Round "2"]
[White "Stortz, Robert"]
[Black "Berry, Alistair"]
[Result "1-0"]
[WhiteElo "1796"]
[BlackElo "1383"]
[PlyCount "120"]
[EventDate "2023.08.09"]
[EventType "swiss"]
[EventRounds "7"]
[EventCountry "AUS"]
[TimeControl "3600+30"]

1. d4 Nf6 2. Bf4 d5 3. Nc3 e6 4. Nb5 Bd6 5. Nxd6+ cxd6 6. e3 a6 7. Bd3 Nc6 8.
Nf3 Nh5 9. Bg5 Qa5+ 10. c3 e5 11. Nd2 Nf6 12. h3 e4 13. Be2 Bd7 14. Bf4 Qd8 15.
Qb3 b5 16. Qa3 O-O 17. Qxd6 Ne8 18. Qxd5 Nf6 19. Qb3 Be6 20. Qc2 b4 21. c4 Bc8
22. Nxe4 Bf5 23. Nxf6+ Qxf6 24. Bd3 Bxd3 25. Qxd3 Rad8 26. O-O Nxd4 27. exd4
Rxd4 28. Bg5 Rxd3 29. Bxf6 gxf6 30. b3 Rd2 31. Rfe1 Rb2 32. Reb1 Rd2 33. a3
bxa3 34. Rxa3 Re8 35. Rxa6 Ree2 36. Rxf6 Kf8 37. Rf3 Rc2 38. Kf1 Red2 39. Ke1
Re2+ 40. Kf1 Red2 41. Rf4 Ke7 42. Re1+ Kd6 43. Rxf7 Kc5 44. Rf3 Kb4 45. g4 h6
46. Kg2 Rd4 47. Re6 Rd1 48. Rxh6 Rcc1 49. Kg3 Rg1+ 50. Kh4 Rcd1 51. Rb6+ Kc5
52. Rb5+ Kc6 53. Rf6+ Kc7 54. Rh5 Rd7 55. Rfh6 Kb8 56. Rh8+ Ka7 57. R8h7 Rb7
58. f4 Ka8 59. Rxb7 Rg2 60. Rg7 Rxg4+ 1-0

[Event "2023 Wolfgang Leonhardt Cup"]
[Site "Woodvale, Perth WA AUS"]
[Date "2023.08.23"]
[Round "2"]
[White "Kerr, Lennon"]
[Black "Gough, Dylan"]
[Result "1/2-1/2"]
[WhiteElo "1576"]
[BlackElo "1762"]
[PlyCount "101"]
[EventDate "2023.08.09"]
[EventType "swiss"]
[EventRounds "7"]
[EventCountry "AUS"]
[TimeControl "3600+30"]

1. e4 d6 2. d4 g6 3. Nc3 c6 4. Nf3 Nf6 5. Bf4 Bg7 6. Qd2 O-O 7. h3 Nfd7 8.
O-O-O Qe8 9. e5 dxe5 10. dxe5 Nc5 11. g4 b5 12. h4 Bxg4 13. Be2 a5 14. h5 b4
15. Nb1 Nbd7 16. hxg6 fxg6 17. Bh6 Bxf3 18. Bxf3 Bxh6 19. Qxh6 Qf7 20. Bxc6
Nxe5 21. Rd5 Ng4 22. Qg5 Ne4 23. Qxg4 Nxf2 24. Qg2 Rac8 25. Rd7 Rxc6 26. Qxc6
Nxh1 27. Qxh1 Qf1+ 28. Rd1 Qxh1 29. Rxh1 h5 30. c4 Kg7 31. Kc2 Rf2+ 32. Kb3 a4+
33. Kxb4 Rxb2+ 34. Kxa4 Rxa2+ 35. Kb3 Ra7 36. c5 Kf6 37. c6 Rc7 38. Rc1 h4 39.
Nc3 Ke6 40. Nb5 Rc8 41. Rd1 g5 42. c7 g4 43. Rd8 Rxc7 44. Nxc7+ Kf5 45. Rd1 g3
46. Nd5 h3 47. Ne3+ Kf4 48. Nd5+ Ke5 49. Nxe7 g2 50. Ng6+ Kf5 51. Nh4+ 1/2-1/2

[Event "2023 Wolfgang Leonhardt Cup"]
[Site "Woodvale, Perth WA AUS"]
[Date "2023.08.23"]
[Round "2"]
[White "Leonhardt, Wolfgang"]
[Black "Garang, Kuol Awan"]
[Result "1/2-1/2"]
[WhiteElo "1760"]
[BlackElo "1632"]
[PlyCount "70"]
[EventDate "2023.08.09"]
[EventType "swiss"]
[EventRounds "7"]
[EventCountry "AUS"]
[TimeControl "3600+30"]

1. e4 e5 2. Nf3 Nc6 3. d4 exd4 4. Nxd4 Nxd4 5. Qxd4 Ne7 6. Bg5 Nc6 7. Qd2 Be7
8. Be3 a6 9. Nc3 d6 10. h3 Be6 11. Nd5 Qd7 12. Nxe7 Qxe7 13. Bd3 Qf6 14. O-O b5
15. c3 Ne5 16. b3 Bxh3 17. f4 Nxd3 18. Qxd3 Qg6 19. Rf2 O-O 20. f5 Qg3 21. Qd2
Bg4 22. Rf4 Bh5 23. Bf2 Qg5 24. Be3 Qe7 25. g4 Qg5 26. Qg2 Bxg4 27. Qxg4 f6 28.
Kf2 Qxg4 29. Rxg4 Kf7 30. Rc1 Rae8 31. Kf3 g5 32. fxg6+ hxg6 33. Rh1 Rg8 34.
Rh7+ Rg7 35. Rxg7+ Kxg7 1/2-1/2

[Event "2023 Wolfgang Leonhardt Cup"]
[Site "Woodvale, Perth WA AUS"]
[Date "2023.08.23"]
[Round "2"]
[White "Oswald, Franz"]
[Black "Kerr, Carter"]
[Result "1-0"]
[WhiteElo "1641"]
[BlackElo "1485"]
[PlyCount "63"]
[EventDate "2023.08.09"]
[EventType "swiss"]
[EventRounds "7"]
[EventCountry "AUS"]
[TimeControl "3600+30"]

1. d4 Nf6 2. c4 g6 3. Nc3 Bg7 4. e4 d6 5. f3 Nbd7 6. Nh3 O-O 7. Nf2 b6 8. Be3
Ba6 9. Be2 c5 10. d5 Ne5 11. b3 Nfg4 12. fxg4 Nf3+ 13. gxf3 Bxc3+ 14. Bd2 Bxa1
15. Qxa1 e5 16. Qc1 Rb8 17. a4 Rb7 18. h4 f5 19. Bh6 Rff7 20. gxf5 gxf5 21.
Rg1+ Kh8 22. Qg5 Qxg5 23. Bxg5 Rf8 24. exf5 Rxf5 25. Ne4 Rg7 26. Kf2 Rg6 27.
Ng3 Rf8 28. Bd3 Rgg8 29. Ne4 Rg6 30. h5 Rg7 31. Bf6 Rxf6 32. Nxf6 1-0

[Event "2023 John Brooke Cup"]
[Site "Woodvale, Perth WA AUS"]
[Date "2023.08.23"]
[Round "2"]
[White "Ross, Leo"]
[Black "Michael, Ashley"]
[Result "1-0"]
[WhiteElo "1335"]
[BlackElo "1588"]
[PlyCount "43"]
[EventDate "2023.08.09"]
[EventType "swiss"]
[EventRounds "7"]
[EventCountry "AUS"]
[TimeControl "3600+30"]

1. e4 Nf6 2. e5 Nd5 3. d4 b5 4. Bxb5 c5 5. c3 cxd4 6. Qxd4 Bb7 7. Nf3 e6 8. Bg5
Qc7 9. Nbd2 Bc5 10. Qg4 Nc6 11. Bxc6 Bxc6 12. Ne4 Bb6 13. Nd6+ Kf8 14. Qh5 g6
15. Qh6+ Kg8 16. Bf6 Nxf6 17. exf6 Bxf2+ 18. Ke2 Bb5+ 19. Nxb5 Qc4+ 20. Kxf2
Qc5+ 21. Nbd4 Qf8 22. Qxf8+ 1-0